| 000 | 00457nam a2200169Ia 4500 | ||
|---|---|---|---|
| 005 | 20251020182601.0 | ||
| 008 | 200515s9999 xx 000 0 und d | ||
| 082 | _aSC/336.126(85)/P45/t.II | ||
| 110 | _aDirección General de Contabilidad Pública | ||
| 245 | 0 | _aMetodología para la elaboración de estados financieros y presupuestarios | |
| 260 | _aLima | ||
| 260 | _c1977 | ||
| 300 | _a87 | ||
| 650 | _aECONOMIA | ||
| 650 | _aFINANZAS | ||
| 942 | _cLIB | ||
| 999 |
_c3060 _d3060 |
||